00654 2200229 4500001002100000005001700021008004100038035002400079082001100103090001800114100002300132245008700155250001500242260003900257300002500296500003100321650002300352850001500375980001300390985000600403999001500409YOGYA-0209000003275320090227024719.0 ind  0010-020900000032753 a304.66 a304.66bMus K aMUSLIMIN, H. Amrah aKeluarga berencana (pantang berkala) aspek masalah kependudukancH. Amrah Muslimin aEd.1,cet.1 aJakartabAkademika Pressindoc1986 a102 hlmbilusc21 cm aBibliografi : hlm. 101-102 aKeluarga berencana aYOPDYOG(B) a23-01-07 a1 a06A0014731